Financial Management for Public, Health and not-for Profit Organizations (Record no. 3343)

MARC details
000 -LEADER
fixed length control field 00477nam a22001577a 4500
008 - FIXED-LENGTH DATA ELEMENTS--GENERAL INFORMATION
fixed length control field 250507b |||||||| |||| 00| 0 eng d
020 ## - INTERNATIONAL STANDARD BOOK NUMBER
ISBN 9781344371825
100 ## - MAIN ENTRY--AUTHOR
Author Finkler Steven A.
245 ## - TITLE STATEMENT
Title Financial Management for Public, Health and not-for Profit Organizations
250 ## - EDITION STATEMENT
Edition statement 6th
260 ## - PUBLICATION, DISTRIBUTION, ETC. (IMPRINT)
Place of publication London
Name of publisher Sage
Date of publication 2019
300 ## - COLLATION
Pagination xix,, 598P.
650 ## - TRACINGS
Main Subject Finance Public -United States
Subdivision (1st) Finance Public-United State-Accounting
942 ## - ADDED ENTRY ELEMENTS (KOHA)
Item type Books
050 ## - LIBRARY OF CONGRESS CALL NUMBER
Classification number HJ257.3
Item number .F57
Holdings
Source of classification or shelving scheme Not for loan Permanent location Current location Date acquired Accession No. Full call number Barcode. Koha item type
Library of Congress Classification   Samuel Ogbemudia Main Library, University of Abuja Samuel Ogbemudia Main Library, University of Abuja 05/07/2025 2025/64415 HJ257.3.F56 2025-1800 Books